Identity V | Character Full Names - Statistics

General Stats
  • This quiz has been taken 90 times
  • The average score is 31 of 75
Answer Stats
Hint Answer % Correct
Patient Emil
93%
Doctor Emily Dyer
82%
Gardener Emma Woods
75%
Prospector/"Fool's Gold" Norton Campbell
67%
"Prisoner" Luca Balsa
62%
Bloody Queen Mary
62%
Novelist/Nightmare Orpheus
62%
"Psycologist" Ada Mesmer
60%
"Disciple" Ann
58%
Painter Edgar Valden
58%
Lawyer Freddy Riley
58%
Acrobat/Hullabaloo Mike Morton
57%
"Knight" Richard Sterling
55%
Geisha Michiko
53%
Little Girl/Journalist Alice DeRoss
52%
Guard 26 Bonbon
52%
Naiad Grace
52%
Mercenary Naib Subedar
52%
Seer Eli Clark
50%
Night Watch Ithaqua
50%
The Ripper Jack
50%
"Undead" Percy
50%
Perfumer Vera Nair
50%
Embalmer Aesop Carl
48%
Composer Frederick Kreiburg
48%
Weeping Clown/Smiley Face Joker
48%
Mechanic Tracy Reznik
48%
Violinist Antonio
47%
Batter Ganji Gupta
47%
Hermit Alva Lorenz
45%
Fire Investigator Florian Brand
45%
Hell Ember Leo Beck
45%
Soul Weaver Violetta
45%
The Shadow "Ivy"
43%
Antiquarian Qi Shiyi
43%
Barmaid Demi Bourbon
42%
"Faro Lady" Evelyn Mora
42%
Entomologist Melly Plinius
42%
Axe Boy Robbie
42%
Postman Victor Grantz
42%
Cheerleader Lily Barriere
40%
Opera Singer Sangria
40%
Toy Merchant Anne Lester
38%
Priestess Fiona Gilman
38%
Enchantress Patricia Dorval
38%
Grave Keeper Andrew Kreiss
37%
First Officer Jose Baden
35%
Cowboy Kevin Ayuso
35%
Thief Kreacher Pierson
35%
Coordinator Martha Behamfil
35%
Meteorologist Wendy Foote
33%
Dream Witch Yidhra
33%
The Mind's Eye Helena Adams
32%
Puppeteer Matthias Czernin
32%
Wildling Murro Morton
32%
The Feaster Hastur
30%
Explorer Kurt Frank
30%
Magician Servais Le Roy
30%
White Guard (Wu Chang) Xie Bi'an
30%
Forward William Ellis
28%
Photographer Joseph Desaulniers
27%
Aeroplanist Charles Holt
25%
Female Dancer Margaretha Zelle
25%
Lucky Guy Deduction Substitute
23%
Professor/Evil Reptillian Luchino Diruse
23%
Wax Artist Philippe
23%
Gamekeeper Bane Perez
20%
Black Guard (Wu Chang) Fan Wujiu
20%
Sculptor Galatea Claude
18%
"Goatman" Jeffrey Bonavita
13%
Clerk Keigan Nicholas Keogh
12%
Mad Eyes Burke Lapadura
10%
The Breaking Wheel Pessimistic
7%
The Breaking Wheel Reticent
7%
The Breaking Wheel Ridicule
7%
No matching quizzes found
Score Distribution
Percent of People with Each Score
Percentile by Number Answered
Your Score History
You have not taken this quiz